000 00296nam a22001337a 4500
008 171002b xxu||||| |||| 00| 0 eng d
020 _a9780205028450
041 _aeng
080 _23RD
_a37
100 _a47
101 _aEDU
245 _aACTIVE READING SKILLS
_cWHORTER,K.T
942 _2udc
_cBK
999 _c31187
_d31187